| 000 | 00676cam a2200253 4500500 | ||
|---|---|---|---|
| 005 | 20260405001503.0 | ||
| 041 | _afre | ||
| 042 | _adc | ||
| 100 | 1 | 0 |
_aLegros, Martin _eauthor |
| 245 | 0 | 0 | _aL’hypothèse Arendt |
| 260 | _c2013. | ||
| 500 | _a28 | ||
| 690 | _aBanalité du mal | ||
| 690 | _aEichmann | ||
| 690 | _aHannah Arendt | ||
| 690 | _aJaspers | ||
| 690 | _aJérusalem | ||
| 690 | _aJuif | ||
| 690 | _aMal | ||
| 690 | _aProcès | ||
| 690 | _aScholem | ||
| 786 | 0 | _nPhilosophie magazine | 69 | 5 | 2013-05-01 | p. 24-30 | 1951-1787 | |
| 856 | 4 | 1 | _uhttps://shs.cairn.info/magazine-philosophie-magazine-2013-5-page-24?lang=fr&redirect-ssocas=7080 |
| 999 |
_c2048184 _d2048184 |
||